| 000 | 00331nam a22001337a 4500 | ||
|---|---|---|---|
| 020 | _a978-81-8465-463-9 | ||
| 082 | _a270.82 DIP | ||
| 100 | _aDip, Kasta | ||
| 245 | _aUnwavering ecumenist: A Gedenkschrift in memory of Dr. Mathai Zachariah | ||
| 260 |
_aDelhi _bISPCK _c2014 |
||
| 300 | _a122 | ||
| 650 | _aEcumenism | ||
| 942 | _cBK | ||
| 999 |
_c20455 _d20455 |
||